[Event "EU-ch U12"]
[Site "Prague"]
[Date "2024.08.26"]
[Round "5"]
[White "Zhang, Yibo"]
[Black "Nguyen, Khoi"]
[Result "1/2-1/2"]
[WhiteElo "1938"]
[BlackElo "2108"]
[PlyCount "153"]
[EventDate "2024.08.22"]
[EventType "swiss"]
[EventRounds "9"]
[EventCountry "CZE"]
[SourceTitle "CBM 221 Extra"]
[Source "ChessBase"]
[SourceDate "2024.09.30"]
[SourceVersion "1"]
[SourceVersionDate "2024.09.30"]
[SourceQuality "1"]

1. e4 e6 2. d4 d5 3. Nc3 Bb4 4. e5 Ne7 5. Bd2 c5 6. a3 Bxc3 7. Bxc3 b6 8. Nf3 Ba6 9. Bxa6 Nxa6 10. 0-0 Nb8 11. b4 Nd7 12. Qe2 0-0 13. bxc5 bxc5 14. dxc5 Nxc5 15. Bb4 Qc7 16. c4 a5 17. cxd5 Nxd5 18. Bxc5 Qxc5 19. Rfc1 Qe7 20. Nd4 Rfc8 21. Nb5 a4 22. Nd6 Rcb8 23. h3 Rb3 24. Rc4 h6 25. Qe4 Qd7 26. Rac1 f5 27. Nxf5 exf5 28. e6 Qb7 29. Qxf5 Rf8 30. Qe5 Rb5 31. Qe4 Ne7 32. Qxb7 Rxb7 33. Rxa4 Rb6 34. Re4 Rf6 35. Rce1 Ra6 36. a4 g5 37. f3 Kg7 38. Kf2 h5 39. g3 Kg6 40. f4 gxf4 41. gxf4 Kf5 42. Re5+ Kg6 43. Rg5+ Kh6 44. Ree5 Rxf4+ 45. Kg3 Raxa4 46. Rxh5+ Kg6 47. Rc5 Rfb4 48. Rhe5 Rb3+ 49. Kf2 Rxh3 50. Kg2 Rb3 51. Re2 Kf6 52. Rce5 Ra7 53. R5e3 Rbb7 54. Rf2+ Nf5 55. e7 Rxe7 56. Rxe7 Rxe7 57. Kf3 Re3+ 58. Kf4 Ra3 59. Re2 Rh3 60. Ra2 Rh4+ 61. Kf3 Kg5 62. Rg2+ Kf6 63. Ra2 Rb4 64. Ra1 Nd4+ 65. Kg3 Kg5 66. Ra5+ Nf5+ 67. Kf3 Rf4+ 68. Ke2 Rb4 69. Kf3 Rh4 70. Rc5 Rf4+ 71. Ke2 Kg4 72. Kd3 Kf3 73. Re5 Nd6 74. Re3+ Kg4 75. Re6 Nf5 76. Re4 Rxe4 77. Kxe4 1/2-1/2

[Event "EU-ch U12"]
[Site "Prague"]
[Date "2024.08.23"]
[Round "2"]
[White "Golis, Wiktor"]
[Black "Zhang, Yibo"]
[Result "1/2-1/2"]
[WhiteElo "2216"]
[BlackElo "1938"]
[PlyCount "40"]
[EventDate "2024.08.22"]
[EventType "swiss"]
[EventRounds "9"]
[EventCountry "CZE"]
[SourceTitle "CBM 221 Extra"]
[Source "ChessBase"]
[SourceDate "2024.09.30"]
[SourceVersion "1"]
[SourceVersionDate "2024.09.30"]
[SourceQuality "1"]

1. e4 e5 2. Nf3 Nc6 3. Bb5 a6 4. Ba4 Nf6 5. 0-0 Be7 6. Re1 b5 7. Bb3 d6 8. c3 0-0 9. h3 Na5 10. Bc2 c5 11. d4 Nd7 12. Nbd2 exd4 13. cxd4 Nc6 14. Nf1 cxd4 15. Nxd4 Nxd4 16. Qxd4 Ne5 17. Qd1 Be6 18. Ne3 Bf6 19. Qe2 Rc8 20. Kh1 Re8 1/2-1/2

[Event "GER-ch U12"]
[Site "Willingen"]
[Date "2024.05.23"]
[Round "7"]
[White "Marynychenko, Yehor"]
[Black "Zhang, Yibo"]
[Result "1-0"]
[WhiteElo "1896"]
[BlackElo "1988"]
[PlyCount "139"]
[EventDate "2024.05.19"]
[EventType "swiss"]
[EventRounds "9"]
[EventCountry "GER"]
[SourceTitle "CBM 220 Extra"]
[Source "ChessBase"]
[SourceDate "2024.07.31"]
[SourceVersion "1"]
[SourceVersionDate "2024.07.31"]
[SourceQuality "1"]

1. e4 e5 2. Nf3 Nc6 3. Bb5 a6 4. Ba4 Nf6 5. 0-0 Be7 6. Re1 b5 7. Bb3 d6 8. c3 0-0 9. h3 Na5 10. Bc2 c5 11. d4 Nd7 12. Nbd2 Bf6 13. Nf1 exd4 14. cxd4 Nc6 15. Bf4 cxd4 16. Bxd6 Re8 17. Bb3 Nde5 18. Bxe5 Nxe5 19. Bd5 Nxf3+ 20. Qxf3 Ra7 21. Ng3 g6 22. Ne2 Be6 23. Nf4 Bg7 24. Qb3 Qd6 25. Bxe6 Qxf4 26. Bd5 Rc7 27. g3 Qf6 28. Rac1 Rec8 29. Rxc7 Rxc7 30. e5 Qe7 31. Qd3 Qb4 32. Re2 Rc1+ 33. Kg2 Qc5 34. Qf3 Qe7 35. e6 f5 36. Qa3 Bf8 37. Qxa6 Rc5 38. Bb3 f4 39. Qa8 Kg7 40. Qe4 f3+ 41. Qxf3 Qf6 42. Qxf6+ Kxf6 43. Rd2 Ke5 44. f4+ Ke4 45. e7 Bxe7 46. Re2+ Kd3 47. Rxe7 Kd2 48. Kf3 d3 49. Rd7 Rc8 50. a4 h5 51. axb5 Re8 52. f5 g5 53. Be6 Rb8 54. Bc4 Kc2 55. Bxd3+ Kxb2 56. f6 Kc3 57. f7 Kd2 58. Bg6+ Kc3 59. Bxh5 Kc4 60. Re7 Kxb5 61. Re8 Rb7 62. f8Q g4+ 63. Bxg4 Kb6 64. Re6+ Ka7 65. Re7 Rxe7 66. Qxe7+ Ka8 67. Qd7 Kb8 68. Ke3 Ka8 69. Bf3+ Kb8 70. Qb7# 1-0

[Event "GER-ch U12"]
[Site "Willingen"]
[Date "2024.05.19"]
[Round "1"]
[White "Leonhardt, Max"]
[Black "Zhang, Yibo"]
[Result "0-1"]
[WhiteElo "1691"]
[BlackElo "1988"]
[PlyCount "82"]
[EventDate "2024.05.19"]
[EventType "swiss"]
[EventRounds "9"]
[EventCountry "GER"]
[SourceTitle "CBM 220 Extra"]
[Source "ChessBase"]
[SourceDate "2024.07.31"]
[SourceVersion "1"]
[SourceVersionDate "2024.07.31"]
[SourceQuality "1"]

1. Nf3 d5 2. g3 c5 3. Bg2 Nf6 4. 0-0 Nc6 5. d3 e6 6. Bf4 g6 7. Nc3 a6 8. e4 d4 9. Ne2 Bg7 10. c3 0-0 11. Ne5 Nd7 12. Nxc6 bxc6 13. Qa4 Qb6 14. Rab1 e5 15. Bd2 Qb5 16. Qc2 c4 17. a4 cxd3 18. axb5 dxc2 19. Ra1 dxc3 20. Bxc3 cxb5 21. Rac1 Bb7 22. Rxc2 Rfc8 23. Rd2 Nc5 24. f3 a5 25. b4 Na4 26. Rd7 Bc6 27. Rd3 Nxc3 28. Rxc3 axb4 29. Rc2 Bd7 30. Rfc1 Rxc2 31. Rxc2 b3 32. Rb2 Ra2 33. Rxb3 Rxe2 34. Rd3 Be6 35. Bf1 Rb2 36. Rd8+ Bf8 37. Rb8 b4 38. f4 exf4 39. gxf4 Kg7 40. Bd3 Bh3 41. f5 Bc5+ 0-1

[Event "GER-ch U12"]
[Site "Willingen"]
[Date "2024.05.19"]
[Round "2"]
[White "Zhang, Yibo"]
[Black "Jahn, Gustav"]
[Result "1-0"]
[WhiteElo "1988"]
[BlackElo "1755"]
[PlyCount "131"]
[EventDate "2024.05.19"]
[EventType "swiss"]
[EventRounds "9"]
[EventCountry "GER"]
[SourceTitle "CBM 220 Extra"]
[Source "ChessBase"]
[SourceDate "2024.07.31"]
[SourceVersion "1"]
[SourceVersionDate "2024.07.31"]
[SourceQuality "1"]

1. e4 c6 2. d4 d5 3. exd5 cxd5 4. Bd3 Nc6 5. c3 Qc7 6. h3 g6 7. Nf3 Bf5 8. Be2 Nf6 9. 0-0 Bg7 10. Re1 0-0 11. Bf1 Rab8 12. a4 Ne4 13. Nbd2 a6 14. Nxe4 Bxe4 15. Nd2 Bf5 16. Nb3 Rfd8 17. Qf3 e5 18. dxe5 Nxe5 19. Qg3 f6 20. Be3 Bf8 21. a5 Qd7 22. Bb6 Re8 23. Nd4 Bd6 24. Nxf5 Qxf5 25. Qe3 Re7 26. Qd2 Nf7 27. Rxe7 Bxe7 28. Rd1 Bd8 29. Qxd5 Qxd5 30. Rxd5 Bxb6 31. axb6 Kf8 32. Rd7 h6 33. f4 Ke8 34. Rc7 g5 35. Be2 Kf8 36. fxg5 hxg5 37. Bf3 Nd6 38. Rd7 Nc4 39. Rxb7 Rxb7 40. Bxb7 Nxb6 41. Bxa6 Na4 42. c4 Nxb2 43. c5 Ke7 44. Kf2 Na4 45. c6 Kd6 46. Bb5 Nc3 47. Bc4 Kxc6 48. Ke3 Kd6 49. Kd3 Nd5 50. Ke4 Nf4 51. Bf1 Nh5 52. Kf5 Ke7 53. Kg4 Nf4 54. g3 Kf7 55. h4 Kg6 56. gxf4 gxf4 57. h5+ Kh6 58. Be2 f5+ 59. Kxf5 f3 60. Bxf3 Kh7 61. Kf6 Kh8 62. Kf7 Kh7 63. Bd5 Kh6 64. Bf3 Kh7 65. Be4+ Kh6 66. Bg6 1-0

[Event "GER-ch U12"]
[Site "Willingen"]
[Date "2023.06.01"]
[Round "7"]
[White "Zhang, Yibo"]
[Black "Krueger, Moritz"]
[Result "0-1"]
[WhiteElo "1791"]
[BlackElo "1582"]
[PlyCount "49"]
[EventDate "2023.05.27"]
[EventType "swiss"]
[EventRounds "9"]
[EventCountry "GER"]
[SourceTitle "CBM 214 Extra"]
[Source "ChessBase"]
[SourceDate "2023.07.31"]
[SourceVersion "1"]
[SourceVersionDate "2023.07.31"]
[SourceQuality "1"]

1. e4 e6 2. d4 d5 3. Nd2 c5 4. exd5 Qxd5 5. dxc5 Bxc5 6. Ngf3 Nf6 7. Bc4 Qd8 8. 0-0 0-0 9. Qe2 Nc6 10. c3 b6 11. Rd1 Qc7 12. Nb3 Be7 13. Bg5 Bb7 14. Bh4 Rad8 15. Bg3 Qc8 16. Nbd4 Nxd4 17. Nxd4 Ne4 18. Bf4 Bd6 19. Nxe6 fxe6 20. Bxd6 Rxf2 21. Qg4 Qxc4 22. Rd4 Qe2 23. Qxe6+ Kh8 24. Be5 Rxg2+ 25. Kh1 0-1

[Event "GER-ch U12"]
[Site "Willingen"]
[Date "2023.05.31"]
[Round "5"]
[White "Zhang, Yibo"]
[Black "Deiringer, Julius"]
[Result "1-0"]
[WhiteElo "1791"]
[BlackElo "1742"]
[PlyCount "59"]
[EventDate "2023.05.27"]
[EventType "swiss"]
[EventRounds "9"]
[EventCountry "GER"]
[SourceTitle "CBM 214 Extra"]
[Source "ChessBase"]
[SourceDate "2023.07.31"]
[SourceVersion "1"]
[SourceVersionDate "2023.07.31"]
[SourceQuality "1"]

1. e4 e5 2. Nf3 Nc6 3. d4 exd4 4. Nxd4 Bc5 5. Nb3 Bb6 6. Qe2 d6 7. Nc3 a5 8. a4 Nb4 9. Nd5 Nxd5 10. exd5+ Ne7 11. Bg5 f6 12. Be3 Bxe3 13. Qxe3 0-0 14. 0-0-0 Bd7 15. Nd4 Nf5 16. Qf4 Nxd4 17. Rxd4 Re8 18. Bd3 Re5 19. h4 Qe8 20. Kd2 Qf7 21. b3 Rxd5 22. Bxh7+ Kf8 23. Re1 Rxd4+ 24. Qxd4 g6 25. h5 Qxh7 26. Qxf6+ Qf7 27. Qh8+ Qg8 28. Qh6+ Kf7 29. hxg6+ Kf6 30. g7+ 1-0

[Event "GER-ch U12"]
[Site "Willingen"]
[Date "2023.05.29"]
[Round "3"]
[White "Zhang, Yibo"]
[Black "Charchulla, Moritz"]
[Result "1-0"]
[WhiteElo "1791"]
[BlackElo "1063"]
[PlyCount "93"]
[EventDate "2023.05.27"]
[EventType "swiss"]
[EventRounds "9"]
[EventCountry "GER"]
[SourceTitle "CBM 214 Extra"]
[Source "ChessBase"]
[SourceDate "2023.07.31"]
[SourceVersion "1"]
[SourceVersionDate "2023.07.31"]
[SourceQuality "1"]

1. d4 Nf6 2. Nf3 e6 3. Bg5 d5 4. e3 Nbd7 5. Bd3 Be7 6. Nbd2 c5 7. c3 c4 8. Bc2 b5 9. Ne5 Nxe5 10. dxe5 Nd7 11. Bxe7 Qxe7 12. f4 Bb7 13. Nf3 Nb6 14. Nd4 b4 15. Nb5 0-0 16. 0-0 Qc5 17. Nd4 a5 18. Qh5 g6 19. Qh4 Rfe8 20. Rf3 Qe7 21. Qg4 a4 22. f5 exf5 23. Nxf5 Qf8 24. Nd6 Bc8 25. Qd4 Re6 26. Qxb6 Bd7 27. Rxf7 Qxf7 28. Qb7 Qf8 29. Qxd7 Rxe5 30. Rf1 Qe7 31. Qxe7 Rxe7 32. cxb4 Rb8 33. Bxa4 Rxb4 34. Bc6 Re5 35. Rd1 Rxe3 36. Bxd5+ Kg7 37. Nxc4 Re8 38. a3 Ra4 39. Bc6 Rxc4 40. Bxe8 Rc2 41. b4 Rc3 42. a4 Rc4 43. Rb1 Rc8 44. Bd7 Rc7 45. Bg4 h5 46. Bf3 Kf6 47. b5 1-0

[Event "EU Union-ch U10"]
[Site "Pec pod Snezkou"]
[Date "2022.08.22"]
[Round "1"]
[White "Frydel, Helena"]
[Black "Zhang, Yibo"]
[Result "0-1"]
[WhiteElo "1103"]
[BlackElo "1469"]
[PlyCount "100"]
[EventDate "2022.08.22"]
[EventType "swiss"]
[EventRounds "9"]
[EventCountry "CZE"]
[SourceTitle "EXT 2023"]
[Source "ChessBase"]
[SourceDate "2022.10.05"]
[SourceVersion "1"]
[SourceVersionDate "2022.10.05"]
[SourceQuality "1"]

1. e4 e5 2. Nf3 Nc6 3. Nc3 Nf6 4. d4 exd4 5. Nxd4 Bb4 6. Nxc6 bxc6 7. Bd3 0-0 8. 0-0 d5 9. exd5 cxd5 10. Bg5 c6 11. Ne2 h6 12. Bh4 Bd6 13. Nd4 Bd7 14. h3 Be5 15. c3 Re8 16. Re1 Rb8 17. Nf3 Bd6 18. Rxe8+ Bxe8 19. Qd2 Bc7 20. Re1 a5 21. Qc2 Bf4 22. c4 g5 23. Bg3 Bxg3 24. fxg3 Qb6+ 25. Kh2 Qxb2 26. Qxb2 Rxb2 27. Ra1 g4 28. hxg4 Nxg4+ 29. Kh3 Nf2+ 30. Kh2 Nxd3 31. Kg1 dxc4 32. Nd4 c3 33. Nb3 c2 34. Kf1 Rb1+ 35. Ke2 Rxa1 36. Kxd3 c1Q 37. Nxc1 Rxc1 38. Kd2 Rc4 39. Kd3 Rg4 40. Ke2 Rxg3 41. Kf2 Ra3 42. Kg1 Kg7 43. Kh2 Kg6 44. Kg1 Kg5 45. Kh1 Kg4 46. Kh2 h5 47. Kg1 Kg3 48. Kf1 Re3 49. a4 f6 50. Kg1 Re1# 0-1

[Event "GER-ch U10"]
[Site "Willingen"]
[Date "2022.06.10"]
[Round "9"]
[White "Li, Yunqi"]
[Black "Zhang, Yibo"]
[Result "0-1"]
[WhiteElo "1312"]
[BlackElo "1436"]
[PlyCount "76"]
[EventDate "2022.06.04"]
[EventType "swiss"]
[EventRounds "11"]
[EventCountry "GER"]
[SourceTitle "CBM 208 Extra"]
[Source "ChessBase"]
[SourceDate "2022.07.31"]
[SourceVersion "1"]
[SourceVersionDate "2022.07.31"]
[SourceQuality "1"]

1. e4 e5 2. Nf3 Nc6 3. Bc4 Bc5 4. c3 Nf6 5. d3 a6 6. Bb3 Ba7 7. Nbd2 0-0 8. Nf1 d5 9. Qe2 h6 10. h3 Re8 11. Ng3 Be6 12. Bc2 b5 13. 0-0 dxe4 14. dxe4 Bc4 15. Qe1 Bxf1 16. Kxf1 Qe7 17. Nf5 Qf8 18. Bd2 Rad8 19. b4 Ne7 20. N3h4 Nxf5 21. Nxf5 Rd7 22. f3 c5 23. a3 Red8 24. Bc1 Kh7 25. Qg3 Re8 26. Qh4 Re6 27. g4 Ng8 28. Ke2 cxb4 29. axb4 Qc8 30. Bd2 Qd8 31. Qxd8 Rxd8 32. Bb3 Rc6 33. Bxf7 Rf6 34. Bd5 Re8 35. h4 Ne7 36. Nxe7 Rxe7 37. g5 Rd6 38. Rg1 Bxg1 0-1

[Event "GER-ch U10"]
[Site "Willingen"]
[Date "2022.06.06"]
[Round "3"]
[White "Allen, Phillipp"]
[Black "Zhang, Yibo"]
[Result "0-1"]
[WhiteElo "1467"]
[BlackElo "1436"]
[PlyCount "90"]
[EventDate "2022.06.04"]
[EventType "swiss"]
[EventRounds "11"]
[EventCountry "GER"]
[SourceTitle "CBM 208 Extra"]
[Source "ChessBase"]
[SourceDate "2022.07.31"]
[SourceVersion "1"]
[SourceVersionDate "2022.07.31"]
[SourceQuality "1"]

1. e4 e5 2. Nf3 Nc6 3. Bb5 a6 4. Ba4 Nf6 5. d3 b5 6. Bb3 Be7 7. 0-0 d6 8. c3 0-0 9. Re1 Na5 10. Bc2 c5 11. Nbd2 Nc6 12. Nf1 Qc7 13. Ng3 Rd8 14. Bb3 h6 15. Be3 Be6 16. d4 Bxb3 17. Qxb3 Na5 18. Qd1 Nc4 19. Qc1 Rac8 20. d5 b4 21. b3 Nxe3 22. Qxe3 bxc3 23. Qxc3 g6 24. Nd2 Ra8 25. Nc4 a5 26. a4 Rdb8 27. Na3 Qd7 28. Nb5 h5 29. f3 h4 30. Ne2 g5 31. Qd2 Nh5 32. g4 hxg3 33. Nxg3 Nxg3 34. hxg3 Kg7 35. g4 Rh8 36. Kg2 Rh4 37. Qe2 Rah8 38. Rh1 Bd8 39. Raf1 Qe7 40. Qe3 Qf6 41. Qc1 Be7 42. Na7 Bd8 43. Nc6 Bb6 44. Qe3 Qh6 45. Qc1 Rh2+ 0-1

[Event "GER-ch U10"]
[Site "Willingen"]
[Date "2022.06.06"]
[Round "4"]
[White "Zhang, Yibo"]
[Black "Nezhyvenko, Mykhaylo"]
[Result "0-1"]
[WhiteElo "1436"]
[BlackElo "1488"]
[PlyCount "84"]
[EventDate "2022.06.04"]
[EventType "swiss"]
[EventRounds "11"]
[EventCountry "GER"]
[SourceTitle "CBM 208 Extra"]
[Source "ChessBase"]
[SourceDate "2022.07.31"]
[SourceVersion "1"]
[SourceVersionDate "2022.07.31"]
[SourceQuality "1"]

1. e4 c5 2. Nf3 e6 3. c4 Nc6 4. Nc3 Nd4 5. d3 Ne7 6. Bf4 Nec6 7. Be2 Be7 8. 0-0 g5 9. Bd2 h5 10. Nb5 Nxe2+ 11. Qxe2 g4 12. Ne1 a6 13. Bc3 Rg8 14. Na3 Qc7 15. f4 Rb8 16. Nac2 b5 17. b3 b4 18. Bb2 Bb7 19. f5 Bd6 20. g3 h4 21. gxh4 Ne5 22. fxe6 dxe6 23. Kh1 g3 24. h3 g2+ 25. Nxg2 Rg3 26. Nf4 Ng6 27. Nh5 Rxh3+ 28. Kg1 Bh2+ 29. Kg2 Rxh4 30. Ng7+ Kd8 31. Bf6+ Kc8 32. Bxh4 Nxh4+ 33. Kh1 Be5 34. Nxe6 Qe7 35. Rad1 Qxe6 36. Qe3 Nf5 37. Qxc5+ Kd7 38. Kg1 Rg8+ 39. Kf2 Qf6 40. Ke2 Ng3+ 41. Kd2 Nxf1+ 42. Rxf1 Qxf1 0-1

[Event "GER-ch U10"]
[Site "Willingen"]
[Date "2021.08.28"]
[Round "9"]
[White "Sajka, Noah"]
[Black "Zhang, Yibo"]
[Result "1-0"]
[WhiteElo "1402"]
[BlackElo "1313"]
[PlyCount "175"]
[EventDate "2021.08.22"]
[EventType "swiss"]
[EventRounds "11"]
[EventCountry "GER"]
[SourceTitle "EXT 2022"]
[Source "ChessBase"]
[SourceDate "2021.10.06"]
[SourceVersion "1"]
[SourceVersionDate "2021.10.06"]
[SourceQuality "1"]

1. e4 e5 2. Nf3 Nc6 3. Bb5 Nge7 4. Nc3 g6 5. d4 exd4 6. Nd5 Bg7 7. Bg5 f6 8. Bxf6 Bxf6 9. Nxf6+ Kf7 10. Nd5 Nxd5 11. exd5 Re8+ 12. Be2 Nb4 13. 0-0 d6 14. Qd2 Nxd5 15. Bc4 c6 16. Qxd4 Be6 17. Qd2 Nc7 18. Ng5+ Kg8 19. Nxe6 Nxe6 20. Kh1 d5 21. Bd3 Rf8 22. f4 Ng7 23. Rf3 Qh4 24. Raf1 Nf5 25. Rh3 Qf6 26. b3 Rae8 27. g4 Nd6 28. f5 g5 29. Rh5 Nf7 30. h4 h6 31. hxg5 Nxg5 32. Kg2 Qd4 33. Rf4 Qf6 34. Qf2 b6 35. a4 Kg7 36. a5 Rb8 37. axb6 axb6 38. Ra4 Rb7 39. Rb4 c5 40. Ra4 b5 41. Ra5 c4 42. bxc4 bxc4 43. Be2 Rd8 44. Rh1 d4 45. Rd1 Qc6+ 46. Bf3 Nxf3 47. Qxf3 Qxf3+ 48. Kxf3 Rb2 49. c3 Rb3 50. Ra7+ Kg8 51. Kf4 Rxc3 52. g5 hxg5+ 53. Kxg5 Rg3+ 54. Kf6 c3 55. Ke7 c2 56. Rc1 Rc8 57. Ra6 Re3+ 58. Kf6 Rb3 59. Rg1+ Kf8 60. Rh1 Ke8 61. Rh8+ Kd7 62. Ra7+ Kd6 63. Rxc8 d3 64. Ra2 Kd7 65. Rcxc2 dxc2 66. Rxc2 Rb6+ 67. Kg7 Rb7 68. f6 Rb3 69. Rg2 Re3 70. f7 Re7 71. Rd2+ Kc6 72. Kf6 Rxf7+ 73. Kxf7 Kc5 74. Ke6 Kc4 75. Ke5 Kc3 76. Rd8 Kc4 77. Rd7 Kc5 78. Rc7+ Kb6 79. Rc1 Kb5 80. Kd4 Kb6 81. Kd5 Kb7 82. Rc6 Kb8 83. Kc5 Kb7 84. Kb5 Ka7 85. Rc7+ Ka8 86. Ka6 Kb8 87. Kb6 Ka8 88. Rc8# 1-0

[Event "GER-ch U10"]
[Site "Willingen"]
[Date "2021.08.24"]
[Round "3"]
[White "Gulamzada, Elmir"]
[Black "Zhang, Yibo"]
[Result "1-0"]
[WhiteElo "1342"]
[BlackElo "1313"]
[PlyCount "129"]
[EventDate "2021.08.22"]
[EventType "swiss"]
[EventRounds "11"]
[EventCountry "GER"]
[SourceTitle "EXT 2022"]
[Source "ChessBase"]
[SourceDate "2021.10.06"]
[SourceVersion "1"]
[SourceVersionDate "2021.10.06"]
[SourceQuality "1"]

1. e4 e5 2. Nf3 Nc6 3. Bc4 Bc5 4. c3 Nf6 5. d4 exd4 6. cxd4 Bb4+ 7. Bd2 Bxd2+ 8. Nbxd2 d5 9. exd5 Nxd5 10. 0-0 0-0 11. Ne5 Nxd4 12. Nb3 Nxb3 13. Bxd5 Nxa1 14. Bxf7+ Kh8 15. Qh5 h6 16. Rd1 Qf6 17. Ng6+ Kh7 18. Nxf8+ Kh8 19. Rxa1 Bg4 20. Qxg4 Rxf8 21. Bc4 Qxf2+ 22. Kh1 Re8 23. Qf3 Qxb2 24. Rf1 c6 25. Bb3 Qe5 26. Bc2 Qc5 27. Qd3 g6 28. Qxg6 Qe7 29. Qxh6+ Kg8 30. Qg6+ Kh8 31. h3 c5 32. Qf7 Qxf7 33. Rxf7 b5 34. Rxa7 b4 35. Rc7 Re5 36. Bb3 c4 37. Bxc4 Re1+ 38. Kh2 b3 39. Bxb3 Rh1+ 40. Kg3 Rxh3+ 41. Kf2 Rf3+ 42. Ke2 Re3+ 43. Kd2 Re2+ 44. Kc3 Re3+ 45. Kb2 Re2+ 46. Rc2 Re7 47. g4 Rc7 48. Rg2 Rg7 49. Rh2+ Rh7 50. Rxh7+ Kxh7 51. a4 Kg6 52. Bd1 Kf6 53. a5 Ke7 54. a6 Kf7 55. a7 Ke6 56. a8Q Ke5 57. Qf3 Kd4 58. g5 Ke5 59. g6 Ke6 60. g7 Kd6 61. g8Q Kc5 62. Qf5+ Kc6 63. Qgg6+ Kc7 64. Qff7+ Kd8 65. Qgg8# 1-0

[Event "EU Union-ch U10"]
[Site "Kouty nad Desnou"]
[Date "2021.08.15"]
[Round "2.5"]
[White "Vancakova, Veronika"]
[Black "Zhang, Yibo"]
[Result "0-1"]
[WhiteElo "1166"]
[BlackElo "1313"]
[PlyCount "119"]
[EventDate "2021.08.14"]
[EventType "swiss"]
[EventRounds "9"]
[EventCountry "CZE"]
[SourceTitle "EXT 2022"]
[Source "ChessBase"]
[SourceDate "2021.10.06"]
[SourceVersion "1"]
[SourceVersionDate "2021.10.06"]
[SourceQuality "1"]

1. d4 d5 2. c4 e6 3. Nc3 Nf6 4. Bg5 Nbd7 5. e3 c6 6. cxd5 exd5 7. Bd3 Be7 8. Nf3 0-0 9. 0-0 Re8 10. Qc2 h6 11. Bf4 Nf8 12. Rab1 a5 13. a3 Bd6 14. Bxd6 Qxd6 15. b4 axb4 16. axb4 b5 17. Ne2 N8d7 18. Rfc1 Bb7 19. Qc3 Ra2 20. Ra1 Rea8 21. Rxa2 Rxa2 22. Bc2 Ne4 23. Qb3 Ra8 24. Nc3 Nef6 25. h3 Nb6 26. Ne5 Nfd7 27. Nxd7 Qxd7 28. Ne2 Nc4 29. Qd3 g6 30. h4 Qg4 31. g3 Bc8 32. Nf4 Ra3 33. Bd1 Qd7 34. Qe2 Qe7 35. Qe1 Ra2 36. Nd3 Bf5 37. Nc5 Ra3 38. Bf3 Kh7 39. Ra1 Qa7 40. Rxa3 Qxa3 41. Bg2 Kg7 42. e4 dxe4 43. Bxe4 Bxe4 44. Nxe4 Qd3 45. Nc5 Qxd4 46. Qe8 Qd1+ 47. Kg2 Qd5+ 48. Kg1 Ne5 49. Kf1 Qd1+ 50. Kg2 Qf3+ 51. Kg1 Ng4 52. Qe1 Qa3 53. Qe4 Qc1+ 54. Kg2 Qc4 55. Qb1 Qe2 56. Qa1+ Kh7 57. Qg1 h5 58. Nb7 Qe4+ 59. f3 Qe2+ 60. Kh3 0-1

[Event "EU Union-ch U10"]
[Site "Kouty nad Desnou"]
[Date "2021.08.14"]
[Round "1.8"]
[White "Zhang, Yibo"]
[Black "Strapec, Tomas"]
[Result "1-0"]
[WhiteElo "1313"]
[BlackElo "1002"]
[PlyCount "45"]
[EventDate "2021.08.14"]
[EventType "swiss"]
[EventRounds "9"]
[EventCountry "CZE"]
[SourceTitle "EXT 2022"]
[Source "ChessBase"]
[SourceDate "2021.10.06"]
[SourceVersion "1"]
[SourceVersionDate "2021.10.06"]
[SourceQuality "1"]

1. e4 e5 2. Nf3 Nc6 3. Bc4 Bc5 4. c3 Nf6 5. d3 h6 6. 0-0 0-0 7. Be3 Bxe3 8. fxe3 d6 9. Nbd2 Bg4 10. Qc2 Bxf3 11. Nxf3 d5 12. exd5 Nxd5 13. Qd2 a6 14. Bb3 Nf6 15. d4 exd4 16. cxd4 Ne4 17. Qe2 Na5 18. Bc2 Re8 19. Ne5 Nf6 20. Qd3 c5 21. Rxf6 Re7 22. Qh7+ Kf8 23. Qh8# 1-0

[Event "GER-ch U10"]
[Site "Willingen"]
[Date "2020.10.30"]
[Round "5"]
[White "Zhang, Yibo"]
[Black "Barthel, Jacob"]
[Result "0-1"]
[WhiteElo "1299"]
[BlackElo "1231"]
[PlyCount "192"]
[EventDate "2020.10.26"]
[EventType "swiss"]
[EventRounds "7"]
[EventCountry "GER"]
[SourceTitle "CBM 199 Extra"]
[Source "ChessBase"]
[SourceDate "2021.01.31"]
[SourceVersion "1"]
[SourceVersionDate "2021.01.31"]
[SourceQuality "1"]

1. e4 e5 2. Nf3 Nc6 3. Bc4 Bc5 4. c3 Nf6 5. d3 d6 6. 0-0 Bg4 7. Re1 h6 8. Nbd2 0-0 9. Nf1 Re8 10. h3 Bxf3 11. Qxf3 Qe7 12. Ng3 Na5 13. Bb5 c6 14. Ba4 b5 15. Bc2 d5 16. b4 dxe4 17. dxe4 Bxb4 18. cxb4 Qxb4 19. Bxh6 Qc5 20. Rac1 Qd6 21. Nf5 Qd8 22. Bxg7 Re6 23. Bh6 Nh7 24. Qg3+ Rg6 25. Qa3 c5 26. Qxc5 Nc6 27. Bb3 Rc8 28. Qd5 Qf6 29. Be3 Ng5 30. Rxc6 Rxc6 31. Qxc6 Qxc6 32. Ne7+ Kg7 33. Nxc6 Nf3+ 34. Kf1 Nxe1 35. Nxe5 Rxg2 36. Kxe1 Rh2 37. Bh6+ Kh7 38. Nxf7 Kg6 39. Ne5+ Kh5 40. Be6 Rh1+ 41. Ke2 Kxh6 42. Bd7 Ra1 43. Be6 Kg5 44. Bd5 Rh1 45. Nf3+ Kf4 46. Nh4 Rxh3 47. Ng2+ Ke5 48. f4+ Kd4 49. f5 Ke5 50. Ne3 Rh2+ 51. Kd3 Rh3 52. Ke2 Rh2+ 53. Kf3 Rh3+ 54. Kf2 Kf4 55. Ng2+ Ke5 56. Kg1 a5 57. Kf2 b4 58. Kg1 a4 59. Kf2 a3 60. Kg1 b3 61. Bxb3 Rxb3 62. Ne1 Rb1 63. Kf1 Ra1 64. Kf2 Rxa2+ 65. Ke3 Rh2 66. Nf3+ Kf6 67. Nxh2 a2 68. Ng4+ Ke7 69. e5 a1Q 70. f6+ Ke6 71. Ke4 Qa4+ 72. Kf3 Qd1+ 73. Kf4 Qd4+ 74. Kf3 Kf5 75. Ne3+ Kg5 76. f7 Qf4+ 77. Ke2 Qxf7 78. Kd3 Kf4 79. Nc4 Qd5+ 80. Kc3 Ke4 81. e6 Qxe6 82. Nd2+ Kd5 83. Kd3 Qh3+ 84. Ke2 Kd4 85. Nf3+ Kc4 86. Ke3 Kd5 87. Ke2 Qg4 88. Ke3 Qg3 89. Ke2 Ke4 90. Nd2+ Kf4 91. Nc4 Qc3 92. Nd2 Qc2 93. Ke1 Ke3 94. Nf1+ Kd3 95. Ng3 Qg2 96. Kd1 Qd2# 0-1

[Event "GER-ch U10"]
[Site "Willingen"]
[Date "2020.10.27"]
[Round "1"]
[White "Zhang, Yibo"]
[Black "Wolff, Calvin"]
[Result "1-0"]
[WhiteElo "1299"]
[BlackElo "1219"]
[PlyCount "83"]
[EventDate "2020.10.26"]
[EventType "swiss"]
[EventRounds "7"]
[EventCountry "GER"]
[SourceTitle "CBM 199 Extra"]
[Source "ChessBase"]
[SourceDate "2021.01.31"]
[SourceVersion "1"]
[SourceVersionDate "2021.01.31"]
[SourceQuality "1"]

1. e4 e5 2. Nf3 Nc6 3. Bc4 Bc5 4. c3 Nf6 5. d3 d6 6. 0-0 Bg4 7. Re1 h6 8. Nbd2 0-0 9. Nf1 Be6 10. Bb5 Ng4 11. d4 exd4 12. cxd4 Bb4 13. Bd2 Bxd2 14. Qxd2 Bd7 15. h3 Nf6 16. Bc4 a6 17. a4 b6 18. Rac1 Na5 19. b3 b5 20. Qxa5 bxc4 21. Rxc4 Be6 22. d5 Bd7 23. Qxc7 Qxc7 24. Rxc7 Rfc8 25. Rxc8+ Rxc8 26. N1d2 Nh5 27. e5 dxe5 28. Nxe5 Rc2 29. Ndc4 Bc8 30. d6 Nf6 31. Rd1 Bd7 32. Nb6 Be6 33. d7 Nxd7 34. Nexd7 Bxb3 35. Rd3 Be6 36. Rd4 Rb2 37. a5 Rb5 38. Ra4 Rg5 39. Kh2 Bb3 40. Ra3 Be6 41. Nb8 Rf5 42. Kg1 1-0